000 00451nam a2200145Ia 4500
008 230917s9999||||xx |||||||||||||| ||und||
040 _e198420
_aMAIN
041 _aEnglish
082 _a891.431721 VH58P
100 _aप्रवीण
245 0 _aहरिषचन्द्र वर्मा के साहित्य में सांस्कृतिक चेतना
260 _c2002
300 _a339 पृ. p.
942 _cTH
999 _c124392
_d124392